000 01306nam a2200253 i 4500
003 OSt
005 20230117154022.0
008 230117s2023 my o gr 000 0 may d
040 _aPPAK
_beng
_cPPAK
_erda
082 0 4 _a929.709595112
_223
090 _a929.709595112
_bSAM
_dKK
110 2 _aSambutan Ulang Tahun Hari Keputeraan Kebawah Duli Yang Maha Mulia Tuanku Sultan Negeri Kedah Darul Aman.
_n(Ke-80 :
_d15 Januari 2023 :
_cBalairung Seri Besar, Istana Anak Bukit, Alor Setar, Kedah Darul Aman)
245 1 0 _aAtur Cara :
_bISTIADAT PENGANUGERAHAN DARJAH-DARJAH, BINTANG-BINTANG DAN PINGAT-PINGAT KEBESARAN SEMPENA SAMBUTAN ULANG TAHUN HARI KEPUTERAAN KEBAWAH DULI YANG MAHA MULIA TUANKU SULTAN NEGERI KEDAH DARUL AMAN KE - 80.
264 1 _aAlor Setar, Kedah :
_bPejabat Setiausaha Kerajaan Negeri Kedah ,
_c2023
300 _a1 volume :
_bcolour photographs ;
_c23 cm
336 _atext
_2rdacontent
336 _astill image
_2rdacontent
337 _aunmediated
_2rdamedia
338 _avolume
_2rdacarrier
500 _aContains a list of honorary title recipients in conjunction with the Sultan of Kedah, Al Aminul Karim Sultan Sallehuddin Ibni Almarhum Sultan Badlishah's 80th birthday.
650 1 0 _aInsignia
_zKedah
650 2 0 _aDecorations of honour
_zKedah
942 _2ddc
_cBT
999 _c191165
_d191165